|
|
|
|
| LEADER |
00924nam a2200265 a 4500 |
| 001 |
000645684 |
| 003 |
CZ BrMZK |
| 005 |
20140729205740.0 |
| 008 |
030114s1947 xr f cze d |
| 015 |
|
|
|a cnb001538458
|
| 035 |
|
|
|a (OCoLC)42436306
|
| 040 |
|
|
|a BOA001
|b cze
|c BOA001
|
| 100 |
1 |
|
|a Thon, Jan,
|d 1886-1973
|7 jk01132354
|4 aut
|
| 245 |
1 |
0 |
|a O Karlu Sabinovi /
|c Jan Thon
|
| 250 |
|
|
|a 1. vyd.
|
| 260 |
|
|
|a Praha :
|b Aventinum,
|c 1947
|
| 300 |
|
|
|a 43 s., příl.
|
| 490 |
1 |
|
|a Mansarda ;
|v sv. 1
|
| 700 |
1 |
|
|a Sabina, Karel,
|d 1813-1877
|7 jk01110239
|4 hnr
|
| 830 |
|
0 |
|a Mansarda
|
| 910 |
|
|
|a BOA001
|b Bf1-0304.559
|b PK-I-0030.751
|
| 920 |
|
|
|a 000609904
|
| 990 |
|
|
|a BK
|
| 996 |
6 |
|
|b 2619502746
|c Bf1-0304.559
|l Stud. starých tisků/4.patro
|r Sklad / do násl. otevíracího dne
|n 8
|w 000645684
|u 000010
|a 1
|e BOA001
|j MZK50
|s P
|
| 996 |
7 |
|
|b 3119639208
|c PK-I-0030.751
|l MZK
|r Sklad / do 1 hodiny
|n 24
|w 000645684
|u 000020
|a 1
|e BOA001
|j MZK50
|s A
|